Loading...

Instructional technology its nature and use /

Bibliographic Details
Main Author: Wittich, Walter A.
Other Authors: Folkes. Ed, John Guy
Format: Printed Book
Language:English
Published: Harper & Row, 1973.
Edition:5th ed.
Series:Exploration series in education
LEADER 00584nam a2200181Ia 4500
008 150624b xxu||||| |||| 00| 0 eng d
082 |a 371.33 
100 |a Wittich, Walter A. 
245 |a Instructional technology its nature and use /  |c Walter A. Wittich 
250 |a 5th ed. 
260 |b Harper & Row,  |c 1973. 
300 |a 737 p. 
490 |a Exploration series in education 
700 |a Folkes. Ed; 
700 |a John Guy 
942 |c TXT 
999 |c 20633  |d 20633 
952 |0 0  |1 0  |4 0  |6 371_330000000000000_WIT_I_T  |7 0  |9 20632  |a UL  |b UL  |c Ref2  |d 1998-09-01  |l 0  |o 371.33 WIT/I T  |p 30599  |r 2012-10-27  |y TXT